000 00689nas a2200241 4500
001 BR8002440
003 BR-BrBNA
005 20231205084309.0
007 ta
008 230509b bl.|||p| |||| 00| 00por d
040 _aBR-BrBNA
_bpor
_cBiblioteca Nacional de Agricultura
041 _a(Pt)
072 _aL73
100 1 _aBrito, J.R.F.
100 1 _aBrito, M.A.V.P.
245 1 _aRinite atrofica: alternativas de controle [Suino; Sus domesticus]
650 _aDoenca animal
650 _aSUÍNO
650 _aRinite
773 0 _tGranja (Brazil)
_xISSN 0367-505X
_g(Apr 1980), v. 36(387) p. 27-29
_wBR8002440
909 _a202311
_bLúcia
_c55
_dLúcia Elande
942 _2AGRIS
_n0
_cANA
999 _c104352
_d104352